000 00956nam a2200241 a 4500
003 BD-DhJNU
005 20260427052706.0
008 260508s2017 bg |||g |||| 000 1|ben|d
020 _a9789843418807
040 _aBD-DhJNU
_bben
_cBD-DhJNU
_dBD-DhJNU
041 _aben
082 _a922.97 REH
_223
100 _aরেজা, মাসুদ
245 1 0 _aহযরত সৈয়দ শাহ ওসমান [র.] /
_cমাসুদ রেজা
246 _aHazrat Syed Shah Osman R.
250 _a1st ed.
260 _aঢাকা :
_bচর্যাপদ,
_c2017.
300 _a১১২ পৃ. :
_bচিত্র ;
_c২৪ সেমি.।
504 _aগ্রন্থপঞ্জিগত নির্দেশিকা ও নিঘন্ট অন্তভূক্ত
650 _aসুফি সাধক -- বাংলাদেশ -- জীবনী
650 _aSufis -- Bangladesh -- Biography
942 _cBK
999 _c2741
_d2741